| 000 | 01344cam a2200349 i 4500 | ||
|---|---|---|---|
| 001 | ocn896863091 | ||
| 003 | TZ-ArACH | ||
| 005 | 20241101121805.0 | ||
| 008 | 150316s2015 enk b 001 0 eng | ||
| 010 | _a 2015010565 | ||
| 015 |
_aGBB521225 _2bnb |
||
| 020 | _a9789987969135 (paper back) | ||
| 035 | _a(OCoLC)896863091 | ||
| 040 |
_aDLC _erda _beng _cTZ-ArACH _dYDX |
||
| 042 | _apcc | ||
| 050 | 0 | 0 |
_aKQC573 _b.A57 2021 |
| 110 | _aCoalition for an effective African Court on Human and Peoples Rights | ||
| 245 | 1 | 4 |
_aBooklet on the implementation of the decisions of the African Court on Human and Peoples' Rights / _cCoalition for an effective African Court on Human and Peoples Rights |
| 260 |
_aArusha : _bCoalition for an effective African Court on Human and Peoples Rights; _c2021. |
||
| 300 |
_a38 pages ; _c24 cm |
||
| 504 | _aIncludes bibliography. | ||
| 610 | 2 | 0 | _aAfrican Commission on Human and Peoples' Rights. |
| 610 | 2 | 7 |
_aAfrican Court on Human and Peoples' Rights. _2fast |
| 610 | 2 | 7 |
_aHuman Rights Africa (Organization) _2fast |
| 650 | 0 |
_aHuman rights _zAfrica. |
|
| 650 | 0 |
_aAfricans _xLegal status, laws, etc. _zAfrica. |
|
| 650 | 0 |
_aHumanitarian law _zAfrica. |
|
| 650 | 7 |
_aAfricans _xLegal status, laws, etc. _2fast |
|
| 650 | 7 |
_aHumanitarian law. _2fast |
|
| 651 | 7 |
_aAfrica. _2fast |
|
| 942 |
_2lcc _cBOOK |
||
| 999 |
_c7356 _d7356 |
||